[Event "Bayerische EM 2022 - Allgemeine Gruppe"]
[Site "Rosenheim"]
[Date "2022.08.22"]
[Round "2.3"]
[White "Böhme, Sebastian"]
[Black "Vuckovic, Zarko"]
[Result "0-1"]
[WhiteElo "2198"]
[BlackElo "2286"]
[PlyCount "110"]
[EventDate "2022.??.??"]
[WhiteTeam "SC Erlangen"]
[BlackTeam "SF Augsburg"]

1. e4 e5 2. Nf3 Nc6 3. Nc3 Nf6 4. d4 exd4 5. Nxd4 Bb4 6. Nxc6 bxc6 7. Bd3 O-O
8. O-O d5 9. exd5 cxd5 10. Bg5 c6 11. Qf3 h6 12. Bxf6 Qxf6 13. Qxf6 gxf6 14.
Ne2 Re8 15. Nd4 Bb7 16. Nf5 Bf8 17. f4 Bc8 18. Rfe1 Bd7 19. Kf2 a5 20. Rxe8
Rxe8 21. Re1 Rb8 22. b3 Be6 23. Nd4 Bc5 24. c3 a4 25. bxa4 Ra8 26. Bc2 Bd7 27.
Rb1 Kf8 28. Rb7 Ke8 29. Kf3 Kd8 30. Bf5 Be8 31. Bc2 Kc8 32. Rb1 Kc7 33. Kg4
Bd7+ 34. Kh5 Rg8 35. g3 Bg4+ 36. Kxh6 Rh8+ 37. Kg7 Rxh2 38. Bb3 Rg2 39. Kxf7
Rxg3 40. Kxf6 Rxc3 41. Ne6+ Bxe6 42. Kxe6 Re3+ 43. Kf6 Rf3 44. f5 Kd6 45. Re1
Bd4+ 46. Kg6 Rg3+ 47. Kf7 Be5 48. Rh1 Rg7+ 49. Kf8 Rg5 50. Rh6+ Kd7 51. Rh7+
Kd6 52. Rh6+ Kd7 53. f6 Ke6 54. a5 Bd6+ 55. Ke8 Rg8# 0-1

[Event "Bayerische EM 2022 - Allgemeine Gruppe"]
[Site "Rosenheim"]
[Date "2022.08.22"]
[Round "2.4"]
[White "Schulz, Lukas"]
[Black "Straub, Jürgen"]
[Result "1-0"]
[WhiteElo "2271"]
[BlackElo "2126"]
[PlyCount "75"]
[EventDate "2022.??.??"]
[WhiteTeam "SC Erlangen"]
[BlackTeam "TSV Ingolstadt Nord"]

1. e4 e5 2. f4 exf4 3. Nf3 Ne7 4. Nc3 d5 5. exd5 Nxd5 6. Nxd5 Qxd5 7. d4 Be7 8.
Be2 O-O 9. Bxf4 c5 10. c4 Qe4 11. Qd2 cxd4 12. O-O Bf5 13. Ne5 Qc2 14. Bf3 Nc6
15. Nxc6 bxc6 16. Qxd4 Rfd8 17. Qf2 Bf6 18. Bxc6 Rac8 19. Bd5 Qxf2+ 20. Kxf2
Bd3 21. b3 Re8 22. Be3 Bxf1 23. Rxf1 a5 24. Ke2 Re7 25. Kd3 Bb2 26. Bb6 a4 27.
bxa4 Ba3 28. a5 Bc5 29. Rb1 Kf8 30. Rb5 Rec7 31. a6 Bxb6 32. Rxb6 Ra7 33. Kc3
Ke8 34. Kb4 Kd8 35. Bb7 Rc7 36. Kb5 Rd7 37. c5 h6 38. Rd6 1-0

[Event "Bayerische EM 2022 - Allgemeine Gruppe"]
[Site "Rosenheim"]
[Date "2022.08.22"]
[Round "2.5"]
[White "Böhme, Markus"]
[Black "Niedermeier, Thomas"]
[Result "1/2-1/2"]
[WhiteElo "2170"]
[BlackElo "2253"]
[PlyCount "71"]
[EventDate "2022.??.??"]
[WhiteTeam "SC Uttenreuth"]
[BlackTeam "SV Ilmmünster"]

1. e4 c5 2. Nf3 d6 3. d4 cxd4 4. Nxd4 Nf6 5. Nc3 g6 6. Be3 Bg7 7. f3 O-O 8. Qd2
Nc6 9. O-O-O d5 10. exd5 Nxd5 11. Nxc6 bxc6 12. Bd4 e5 13. Bc5 Be6 14. Ne4 Qc8
15. Bxf8 Qxf8 16. g4 h6 17. Qf2 Rb8 18. Qc5 Qc8 19. Rg1 Bf8 20. Qa5 Qb7 21. b3
Bb4 22. Qa6 Qc7 23. Bc4 Be7 24. g5 Nb4 25. Qa4 Bxc4 26. bxc4 Qb6 27. Qb3 Qa5
28. a4 hxg5 29. Rd7 Na6 30. Rb7 Ba3+ 31. Qxa3 Rxb7 32. Nf6+ Kg7 33. Ne8+ Kg8
34. Nf6+ Kg7 35. Ne8+ Kg8 36. Nf6+ 1/2-1/2

[Event "Bayerische EM 2022 - Allgemeine Gruppe"]
[Site "Rosenheim"]
[Date "2022.08.22"]
[Round "2.6"]
[White "Reimann, Sebastian"]
[Black "Hinterreiter, Markus"]
[Result "0-1"]
[WhiteElo "2252"]
[BlackElo "2119"]
[PlyCount "138"]
[EventDate "2022.??.??"]
[WhiteTeam "SK Kriegshaber"]
[BlackTeam "TSV Trostberg"]

1. e4 c5 2. Nf3 d6 3. d4 cxd4 4. Nxd4 Nf6 5. Nc3 a6 6. Bd3 e5 7. Nde2 Be7 8.
O-O O-O 9. Ng3 Be6 10. Nd5 Bxd5 11. exd5 g6 12. c4 Nbd7 13. Kh1 Rb8 14. a4 h5
15. f4 exf4 16. Bxf4 Ne5 17. c5 Nxd5 18. Bh6 dxc5 19. Be4 Nc7 20. Bxf8 Qxd1 21.
Raxd1 Bxf8 22. h3 b5 23. axb5 axb5 24. Bd5 Rd8 25. Bb3 Rxd1 26. Rxd1 c4 27. Bc2
b4 28. Rd8 Kg7 29. Rc8 Ne6 30. Ne2 Nc5 31. Nf4 b3 32. Bd1 Na4 33. Rb8 Nxb2 34.
Bxb3 cxb3 35. Rxb3 Nbc4 36. Rb7 Bd6 37. Nd5 Nd3 38. Nc3 Be5 39. Nd5 Nd2 40. Ne3
Bd4 41. Nd1 Ne4 42. Rd7 Ng3+ 43. Kh2 Ne2 44. g3 Nc5 45. Rd5 Kf6 46. Kg2 Ne4 47.
Kf3 N4xg3 48. h4 Ke6 49. Ra5 f6 50. Ra6+ Kf7 51. Ra5 Kf8 52. Rb5 Kg7 53. Rd5
Kh6 54. Rd8 g5 55. hxg5+ fxg5 56. Rd6+ Kg7 57. Rd7+ Kf6 58. Rd6+ Ke5 59. Rh6
g4+ 60. Kg2 Kf4 61. Nf2 Bxf2 62. Kxf2 Nd4 63. Kg2 Ndf5 64. Rh8 h4 65. Ra8 Ne3+
66. Kh2 Ngf1+ 67. Kh1 Ng3+ 68. Kh2 Nef1+ 69. Kg1 h3 0-1

[Event "Bayerische EM 2022 - Allgemeine Gruppe"]
[Site "Rosenheim"]
[Date "2022.08.22"]
[Round "2.7"]
[White "Ritzka, Simon"]
[Black "Schmid, Roland"]
[Result "1/2-1/2"]
[WhiteElo "2057"]
[BlackElo "2233"]
[PlyCount "78"]
[EventDate "2022.??.??"]
[WhiteTeam "SC Roter Turm Altstadt"]
[BlackTeam "Post Regensburg"]

1. c4 c6 2. e4 d5 3. cxd5 cxd5 4. exd5 Nf6 5. Nc3 Nxd5 6. Bc4 Nxc3 7. Qf3 e6 8.
dxc3 Qc7 9. Bb3 Bd6 10. Ne2 Bd7 11. Bf4 Bc6 12. Bxd6 Qxd6 13. Qg4 O-O 14. O-O
Nd7 15. Rad1 Qc5 16. Nd4 Nf6 17. Qe2 a5 18. Nxc6 Qxc6 19. Rd4 a4 20. Bc2 a3 21.
Rc4 Qb5 22. b3 Rac8 23. Bd3 Rxc4 24. Bxc4 Qa5 25. b4 Qc7 26. Rc1 Rc8 27. Bb3 g6
28. h3 Nd5 29. Bxd5 exd5 30. g3 Qd7 31. Qd3 Qe6 32. Rc2 Qe5 33. Kg2 Rc4 34. Rd2
Rxc3 35. Qxd5 Qxd5+ 36. Rxd5 Rc2 37. Rb5 Rxa2 38. Rxb7 Rb2 39. Ra7 Rxb4 1/2-1/2

[Event "Bayerische EM 2022 - Allgemeine Gruppe"]
[Site "Rosenheim"]
[Date "2022.08.22"]
[Round "2.8"]
[White "Lohvinov, Petro"]
[Black "Brunner, Tobias"]
[Result "1/2-1/2"]
[WhiteElo "2232"]
[BlackElo "2050"]
[PlyCount "188"]
[EventDate "2022.??.??"]
[WhiteTeam "SK München Südost"]
[BlackTeam "SC Windischeschenbach"]

1. e4 d5 2. exd5 Qxd5 3. Nc3 Qd8 4. d4 Nf6 5. Nf3 g6 6. Bc4 Bg7 7. O-O O-O 8.
Ne5 a6 9. a4 Nbd7 10. f4 Nb6 11. Bb3 c6 12. Ne2 Bg4 13. a5 Nc8 14. c3 e6 15. h3
Bxe2 16. Qxe2 Qc7 17. Be3 Nd5 18. Bd2 Nd6 19. c4 Ne7 20. Bb4 Nef5 21. Rfd1 Rad8
22. Bc5 Rb8 23. g4 Nh6 24. Qf3 Rfe8 25. Re1 Nc8 26. Kg2 Bf8 27. Bxf8 Rxf8 28.
d5 exd5 29. cxd5 cxd5 30. Rac1 Qxa5 31. Nd7 Nb6 32. Nxb8 Rxb8 33. Red1 Rd8 34.
Qc3 Qb5 35. Qd3 Qb4 36. Kg3 f6 37. Qc3 Qb5 38. Qd3 Qb4 39. Qc3 Qb5 40. Qxf6
Qxb3+ 41. Rc3 Qxd1 42. Qxd8+ Kg7 43. Qxb6 d4 44. Qc7+ Nf7 45. Rc2 b5 46. Rg2
Qe1+ 47. Kh2 a5 48. Qc2 g5 49. Qf5 Qe3 50. fxg5 Nxg5 51. Qd7+ Kf6 52. Qf5+ Kg7
53. Qd7+ Kf6 54. Qf5+ Ke7 55. Rf2 Qxh3+ 56. Kg1 Qg3+ 57. Kf1 Qh3+ 58. Kg1 Qg3+
59. Kf1 Qh3+ 60. Ke1 Ne6 61. Re2 Qh1+ 62. Kd2 Qc6 63. Qxh7+ Kd6 64. Qf5 Qc4 65.
Qe5+ Kd7 66. Rh2 Qb4+ 67. Kc1 Qc4+ 68. Kd2 Qb4+ 69. Kd1 Qb3+ 70. Ke1 Qb4+ 71.
Rd2 Qc4 72. g5 d3 73. Qe3 Qh4+ 74. Rf2 Nxg5 75. Qxd3+ Kc6 76. Qc3+ Kb6 77. Qf6+
Kb7 78. Kd1 Qg4+ 79. Kc1 Qc4+ 80. Kb1 Qe4+ 81. Rc2 Qe1+ 82. Rc1 Qe4+ 83. Rc2
Qe1+ 84. Ka2 Qe6+ 85. Qxe6 Nxe6 86. Re2 Nc7 87. b3 Nd5 88. Re6 Nb4+ 89. Kb2 Nc6
90. Rh6 Kb6 91. Kc3 Kc5 92. Rh5+ Kb6 93. Kd3 Nb4+ 94. Kd4 Nc6+ 1/2-1/2

[Event "Bayerische EM 2022 - Allgemeine Gruppe"]
[Site "Rosenheim"]
[Date "2022.08.22"]
[Round "2.9"]
[White "Kocak, Ediz"]
[Black "Kleibel, Uwe"]
[Result "1-0"]
[WhiteElo "2080"]
[BlackElo "2183"]
[PlyCount "107"]
[EventDate "2022.??.??"]
[WhiteTeam "SGem Fürth"]
[BlackTeam "SC Bavaria Regensburg von 1881"]

1. e4 c6 2. d4 d5 3. Nc3 dxe4 4. Nxe4 Nf6 5. Nxf6+ exf6 6. Bc4 Bd6 7. Qe2+ Be7
8. Nf3 O-O 9. O-O Bd6 10. Re1 Na6 11. Bxa6 bxa6 12. Bd2 Qb6 13. b3 Qb5 14. c4
Qh5 15. Qe4 Bd7 16. Qh4 Qg6 17. Bf4 Bb4 18. Bd2 Bd6 19. c5 Bc7 20. Bf4 Ba5 21.
Bd2 Bc7 22. Re7 Qf5 23. Qh3 Qxh3 24. gxh3 Rfd8 25. d5 cxd5 26. c6 Bxc6 27. Rxc7
Bd7 28. Kg2 Bf5 29. Nd4 Bd3 30. Re1 Re8 31. Rxe8+ Rxe8 32. Rxa7 g5 33. f3 Kg7
34. Rc7 Kg6 35. Rc3 Bb1 36. Rc1 Bd3 37. Rc3 Bb1 38. a4 Rb8 39. Rc1 Bd3 40. Rc3
Bb1 41. Rc6 Bd3 42. Kf2 Re8 43. Rc3 Bb1 44. Rc1 Bd3 45. Rc3 Bb1 46. b4 Rb8 47.
Rb3 Ba2 48. Rb2 Bc4 49. b5 axb5 50. axb5 h5 51. b6 Rb7 52. Nc6 Ba6 53. Be3 Rd7
54. Nb8 1-0

[Event "Bayerische EM 2022 - Allgemeine Gruppe"]
[Site "Rosenheim"]
[Date "2022.08.22"]
[Round "2.10"]
[White "Monninger, Moritz"]
[Black "Biedenkopf, Philipp"]
[Result "1-0"]
[WhiteElo "2071"]
[BlackElo "1746"]
[PlyCount "49"]
[EventDate "2022.??.??"]
[WhiteTeam "SK Herzogenaurach"]
[BlackTeam "SK Passau"]

1. d4 Nf6 2. Bg5 d5 3. e3 g6 4. Bxf6 exf6 5. c4 dxc4 6. Bxc4 Bd6 7. Nc3 f5 8.
Qc2 O-O 9. O-O-O c6 10. h3 Kg7 11. g4 fxg4 12. hxg4 Bxg4 13. f3 Bd7 14. Ne4 Be7
15. Qh2 h5 16. Ne2 b5 17. Bb3 a5 18. Rdg1 Rh8 19. Nf4 h4 20. Nxg6 fxg6 21. Qe5+
Kh7 22. Rxg6 Kxg6 23. Rg1+ Kh6 24. Qg7+ Kh5 25. Bf7# 1-0

[Event "Bayerische EM 2022 - Allgemeine Gruppe"]
[Site "Rosenheim"]
[Date "2022.08.22"]
[Round "2.11"]
[White "Sesselmann, Moritz"]
[Black "Stöttner, Moritz"]
[Result "1/2-1/2"]
[WhiteElo "1704"]
[BlackElo "1906"]
[PlyCount "83"]
[EventDate "2022.??.??"]
[WhiteTeam "SK Kulmbach"]
[BlackTeam "SK Landau-Dingolfing"]

1. c4 e5 2. g3 Nf6 3. Bg2 c6 4. Nf3 e4 5. Nd4 Qb6 6. e3 d5 7. Nc3 Be7 8. O-O
O-O 9. cxd5 cxd5 10. d3 Nc6 11. dxe4 dxe4 12. Nxc6 Qxc6 13. Qc2 Bf5 14. Bd2
Rac8 15. Rfd1 Bg4 16. Rdc1 Bf5 17. Qb3 Qd7 18. Be1 Rc6 19. Ne2 Rb6 20. Qc2 Bh3
21. Qc7 Rxb2 22. Bxh3 Qxh3 23. Nf4 Qd7 24. Qxd7 Nxd7 25. Rc7 Rd8 26. Rd1 Nf8
27. Rxd8 Bxd8 28. Rc8 Be7 29. Nd5 Bd6 30. Rd8 Rb1 31. Rxd6 Rxe1+ 32. Kg2 f6 33.
Nc3 f5 34. Rd5 g6 35. Rd2 Kf7 36. Rb2 b6 37. Nb5 Nd7 38. Nxa7 Ra1 39. Nc6 Rc1
40. Nb4 Ke6 41. Nc2 Kd6 42. Nd4 1/2-1/2

[Event "Bayerische EM 2022 - Allgemeine Gruppe"]
[Site "Rosenheim"]
[Date "2022.08.22"]
[Round "2.12"]
[White "Redzepovic, Irfan"]
[Black "Sandner, Michael"]
[Result "1-0"]
[WhiteElo "2108"]
[BlackElo "2089"]
[PlyCount "65"]
[EventDate "2022.??.??"]
[WhiteTeam "SW Nürnberg Süd"]
[BlackTeam "SG Traunstein/Traunreut"]

1. Nf3 Nf6 2. b3 g6 3. Bb2 Bg7 4. g3 d5 5. Bg2 Bg4 6. c4 c6 7. d4 O-O 8. O-O e6
9. Nbd2 Nbd7 10. h3 Bxf3 11. Nxf3 Ne4 12. Nd2 f5 13. e3 Ndf6 14. Nf3 Qc7 15.
Ne5 Nd7 16. Nd3 Rf7 17. Qc2 Re8 18. Rfc1 g5 19. b4 h6 20. Qe2 Ndf6 21. b5 f4
22. Ne5 fxe3 23. Qxe3 Rff8 24. bxc6 bxc6 25. cxd5 exd5 26. Rxc6 Qb7 27. Rc2 Re6
28. Rac1 Rb6 29. Ba3 Rb8 30. Kh2 Bf8 31. Bxf8 Rxf8 32. f3 Nd6 33. Rc7 1-0

[Event "Bayerische EM 2022 - Allgemeine Gruppe"]
[Site "Rosenheim"]
[Date "2022.08.22"]
[Round "2.13"]
[White "Fuchs, Michael"]
[Black "Sesselmann, Christoph"]
[Result "1/2-1/2"]
[WhiteElo "2049"]
[BlackElo "1880"]
[PlyCount "97"]
[EventDate "2022.??.??"]
[WhiteTeam "DJK SF Haselbach"]
[BlackTeam "SK Kulmbach"]

1. Nf3 Nf6 2. g3 g6 3. Bg2 Bg7 4. O-O O-O 5. d4 d6 6. c4 Nbd7 7. Nc3 e5 8. Qc2
c6 9. Rd1 Re8 10. dxe5 dxe5 11. b3 Bf8 12. Ng5 Qc7 13. Rb1 a5 14. a3 h6 15.
Nge4 Nxe4 16. Nxe4 f5 17. Nc3 Nc5 18. b4 axb4 19. axb4 Ne6 20. e3 h5 21. b5 Nc5
22. bxc6 bxc6 23. Nb5 cxb5 24. Bxa8 bxc4 25. Bd5+ Kh7 26. Qxc4 Ba6 27. Qc3 Qg7
28. Ra1 Be2 29. Rd2 Bg4 30. Ba3 Ne4 31. Bxe4 fxe4 32. Qc6 Rc8 33. Bxf8 Rxf8 34.
Qxe4 Bf3 35. Qa4 Kh6 36. Rd7 Qf6 37. Qa7 Kg5 38. e4 Qc6 39. h3 Qxe4 40. Qe3+
Qxe3 41. fxe3 Rb8 42. Ra5 Kf6 43. Kf2 Be4 44. Rd6+ Kf5 45. g4+ hxg4 46. hxg4+
Kxg4 47. Rxe5 Rb2+ 48. Ke1 Kf3 49. Rxe4 1/2-1/2

[Event "Bayerische EM 2022 - Allgemeine Gruppe"]
[Site "Rosenheim"]
[Date "2022.08.22"]
[Round "2.14"]
[White "Vuckovic, Robert"]
[Black "Donegani, Peter"]
[Result "1-0"]
[WhiteElo "1846"]
[BlackElo "2040"]
[PlyCount "73"]
[EventDate "2022.??.??"]
[WhiteTeam "SF Augsburg"]
[BlackTeam "SG Traunstein/Traunreut"]

1. e4 d5 2. exd5 Qxd5 3. Nc3 Qa5 4. Nf3 Nf6 5. Be2 Bf5 6. b4 Qb6 7. O-O e6 8.
b5 Be7 9. a4 h6 10. a5 Qd6 11. Ba3 Qd7 12. Ne5 Qd4 13. Bxe7 Kxe7 14. a6 b6 15.
Bf3 Qxe5 16. Bxa8 Nbd7 17. Bf3 h5 18. d4 Qd6 19. Re1 g5 20. Qd2 g4 21. Bc6 Nb8
22. Bb7 Nbd7 23. Rad1 h4 24. Qg5 Kf8 25. Bc6 Rh5 26. Qe3 g3 27. fxg3 hxg3 28.
h3 Bxc2 29. Rd2 Bf5 30. Ne2 Bxh3 31. gxh3 Rxh3 32. Nf4 Rh4 33. Rf1 Kg7 34.
Nxe6+ Kh8 35. Qg5 Rh7 36. Bxd7 g2 37. Qxf6+ 1-0

[Event "Bayerische EM 2022 - Allgemeine Gruppe"]
[Site "Rosenheim"]
[Date "2022.08.22"]
[Round "2.15"]
[White "Höller, Armin"]
[Black "Bruss, Robert"]
[Result "0-1"]
[WhiteElo "2045"]
[BlackElo "1845"]
[PlyCount "72"]
[EventDate "2022.??.??"]
[WhiteTeam "SK Weilheim"]
[BlackTeam "SV Altensittenbach"]

1. c4 Nf6 2. g3 c6 3. Bg2 d5 4. Nf3 Nbd7 5. O-O e5 6. d3 Be7 7. b3 O-O 8. Bb2
Qc7 9. e3 Re8 10. Nc3 Bb4 11. Qc2 dxc4 12. bxc4 Nc5 13. d4 Ncd7 14. dxe5 Ng4
15. Ng5 Nf8 16. e6 f6 17. Nge4 Bxe6 18. c5 Red8 19. a3 Ba5 20. Rfd1 Ne5 21. Ne2
Bg4 22. Bxe5 Qxe5 23. Nd6 Rab8 24. h3 Bxe2 25. Qxe2 Bc7 26. f4 Qe7 27. Qc4+ Qe6
28. e4 Qxc4 29. Nxc4 Ne6 30. e5 fxe5 31. fxe5 Nxc5 32. Rab1 Re8 33. Rbc1 Bxe5
34. Nd6 Red8 35. Rxc5 Bxd6 36. Rc3 Bc5+ 0-1

[Event "Bayerische EM 2022 - Allgemeine Gruppe"]
[Site "Rosenheim"]
[Date "2022.08.22"]
[Round "2.16"]
[White "Wagner, Tizian"]
[Black "Albert, Markus"]
[Result "0-1"]
[WhiteElo "1806"]
[BlackElo "2024"]
[PlyCount "78"]
[EventDate "2022.??.??"]
[WhiteTeam "SV Seubelsdorf"]
[BlackTeam "SC Ansbach"]

1. e4 e5 2. Nf3 Nc6 3. Nc3 Nf6 4. a3 Be7 5. d4 exd4 6. Nxd4 O-O 7. Be3 d5 8.
Nxc6 bxc6 9. e5 Ng4 10. Bf4 Bc5 11. Bg3 Re8 12. f4 f6 13. Qd2 fxe5 14. fxe5
Nxe5 15. O-O-O Ng4 16. Kb1 Rb8 17. Ka1 Bf5 18. Bd3 Be3 19. Qe2 Bc1 20. Rxc1
Rxe2 21. Bxf5 Nh6 22. Bxh7+ Kxh7 23. Nxe2 Qf6 24. c3 Re8 25. Rhf1 Qg6 26. Nd4
c5 27. Nf3 Nf5 28. Ne5 Qh5 29. Bf4 Nd6 30. g4 Qh3 31. Rg1 Ne4 32. Nc6 Rf8 33.
Be5 Rf2 34. Ne7 Nd2 35. Rcd1 Nc4 36. Rxd5 Rf1+ 37. Rxf1 Qxf1+ 38. Ka2 Qf7 39.
Bd6 Nxd6 0-1

[Event "Bayerische EM 2022 - Allgemeine Gruppe"]
[Site "Rosenheim"]
[Date "2022.08.22"]
[Round "2.17"]
[White "Bunk, Wolfgang"]
[Black "Stöttner, Lukas"]
[Result "1-0"]
[WhiteElo "2011"]
[BlackElo "1972"]
[PlyCount "103"]
[EventDate "2022.??.??"]
[WhiteTeam "SC Bavaria Regensburg von 1881"]
[BlackTeam "SK Landau-Dingolfing"]

1. d4 Nf6 2. c4 g6 3. Nc3 Bg7 4. e4 d6 5. Nf3 O-O 6. Be2 Nbd7 7. O-O e5 8. Be3
Qe7 9. Qc2 Re8 10. d5 c5 11. dxc6 bxc6 12. Rfd1 Ng4 13. Bg5 f6 14. Bc1 Nh6 15.
b3 Nf7 16. Ba3 a5 17. c5 Nxc5 18. Bxc5 dxc5 19. Na4 f5 20. Nxc5 Nd6 21. Bd3 Nb5
22. Re1 Qf6 23. Rad1 f4 24. a4 Nd6 25. Be2 Bf8 26. Rd3 g5 27. Red1 g4 28. Ne1
Qg6 29. Rc3 Ra7 30. Bf1 h5 31. f3 Rg7 32. Qf2 g3 33. Qd2 gxh2+ 34. Kh1 h4 35.
Qf2 h3 36. Ncd3 Nf7 37. Rdc1 Re6 38. R3c2 Qh6 39. Qd2 Reg6 40. Qxa5 hxg2+ 41.
Nxg2 Qh5 42. Ndxf4 Qxf3 43. Nxg6 Rxg6 44. Qe1 c5 45. Rf2 Qg4 46. Bc4 Be6 47.
Bxe6 Rxe6 48. Qe2 Qh3 49. Qf3 Qh7 50. Rcf1 Re7 51. Qf5 Qh6 52. Rf3 1-0

[Event "Bayerische EM 2022 - Allgemeine Gruppe"]
[Site "Rosenheim"]
[Date "2022.08.22"]
[Round "2.18"]
[White "Gode, Gero"]
[Black "Luhn, Robert"]
[Result "0-1"]
[WhiteElo "1754"]
[BlackElo "1989"]
[PlyCount "120"]
[EventDate "2022.??.??"]
[WhiteTeam "SK Mering"]
[BlackTeam "SK Caissa Augsburg"]

1. d4 d5 2. Nf3 Nf6 3. c4 c6 4. Nc3 e6 5. cxd5 exd5 6. Qc2 Bd6 7. Bg5 O-O 8. e3
Nbd7 9. Bd3 h6 10. Bh4 Re8 11. O-O Nf8 12. Rae1 Bg4 13. Nd2 Bh5 14. f4 Bg6 15.
f5 Bh5 16. h3 Bc7 17. g4 Qd6 18. Nf3 Bxg4 19. hxg4 Nxg4 20. Ne5 Nxe5 21. dxe5
Qxe5 22. Rf3 Nh7 23. Bg3 Ng5 24. Bxe5 Nxf3+ 25. Kf2 Nxe1 26. Kxe1 Rxe5 27. e4
Rae8 28. Kf2 dxe4 29. Bxe4 h5 30. f6 g5 31. Qd1 R8e6 32. Qxh5 Rxf6+ 33. Kg2 b5
34. Bh7+ Kg7 35. Ne4 Rh6 36. Qf3 Rxh7 37. Qf6+ Kf8 38. Qxc6 Rh2+ 39. Kg1 Re7
40. Nd6 Bxd6 41. Qxd6 Rhe2 42. Qh6+ Ke8 43. Qxg5 R7e5 44. Qg8+ Ke7 45. Qb8 Ke6
46. Qxa7 f5 47. Qb6+ Kf7 48. a3 Rxb2 49. Qc7+ Re7 50. Qc3 Ree2 51. Qc7+ Ke6 52.
Qc6+ Ke5 53. Qc5+ Ke4 54. Qc6+ Kd3 55. Qd5+ Kc3 56. Qc5+ Kd2 57. Qd4+ Kc1 58.
Qc3+ Kb1 59. Qd3+ Ka1 60. Kf1 Red2 0-1

[Event "Bayerische EM 2022 - Allgemeine Gruppe"]
[Site "Rosenheim"]
[Date "2022.08.22"]
[Round "2.19"]
[White "Weiß, Thomas"]
[Black "Bratu, Mircea"]
[Result "0-1"]
[WhiteElo "1970"]
[BlackElo "1684"]
[PlyCount "92"]
[EventDate "2022.??.??"]
[WhiteTeam "DJK-Regensburg Nord"]
[BlackTeam "SG Schwabing München"]

1. Nf3 Nf6 2. g3 g6 3. b3 Bg7 4. Bb2 O-O 5. Bg2 d5 6. O-O c5 7. c4 d4 8. b4 Nc6
9. b5 Na5 10. d3 Qc7 11. Nbd2 e5 12. Nb3 Re8 13. Bc1 Bd7 14. Bd2 Nxb3 15. axb3
a6 16. bxa6 Rxa6 17. Rxa6 bxa6 18. Qa1 Qb6 19. Rb1 e4 20. Ng5 Bf5 21. dxe4 Nxe4
22. Qa4 Nd6 23. Re1 h6 24. Nf3 Bc2 25. Ba5 Qxb3 26. Qc6 Re6 27. Bh3 Bf5 28.
Bxf5 gxf5 29. Nd2 Qa3 30. Bb6 Qc3 31. Nf3 Qxc4 32. Bxc5 Ne4 33. Qa8+ Kh7 34.
Bf8 Ng5 35. Bxg7 Kxg7 36. Nh4 Qb5 37. Qd8 d3 38. Qd4+ Kh7 39. e3 Re4 40. Qf6
Rxh4 41. gxh4 Nf3+ 42. Kh1 Qd5 43. e4 fxe4 44. Rd1 e3 45. Rxd3 exf2 46. Kg2
Ne1+ 0-1

[Event "Bayerische EM 2022 - Allgemeine Gruppe"]
[Site "Rosenheim"]
[Date "2022.08.22"]
[Round "2.20"]
[White "Duong, Quang Bach"]
[Black "Steinhauer, Artur"]
[Result "1-0"]
[WhiteElo "1525"]
[BlackElo "1920"]
[PlyCount "99"]
[EventDate "2022.??.??"]
[WhiteTeam "SK Nürnberg"]
[BlackTeam "SC Bavaria Regensburg von 1881"]

1. e4 c6 2. d4 d5 3. e5 c5 4. Nf3 cxd4 5. Qxd4 e6 6. Bd3 Nc6 7. Qf4 Qc7 8. Nc3
a6 9. O-O f5 10. g4 g6 11. Re1 Bh6 12. Qg3 Bxc1 13. Raxc1 Nge7 14. Ne2 Bd7 15.
c4 O-O-O 16. Nf4 d4 17. Ng5 fxg4 18. Nfxe6 Qa5 19. Nxd8 Nxd8 20. a3 h5 21. Qf4
Ne6 22. Nxe6 Bxe6 23. Qxd4 Rd8 24. Qe3 Bf5 25. b4 Qc7 26. Bf1 Be6 27. Rcd1 Nf5
28. Qa7 Rd7 29. Bg2 Nh4 30. Qa8+ Qb8 31. Qxb8+ Kxb8 32. Rxd7 Bxd7 33. e6 Be8
34. Rd1 Kc7 35. e7 Nf5 36. Rd8 Ng7 37. c5 h4 38. Be4 g5 39. Kf1 g3 40. fxg3
hxg3 41. hxg3 Bb5+ 42. Kf2 Be8 43. Bd5 b6 44. cxb6+ Kxb6 45. Rxe8 Nxe8 46. Bf7
Nd6 47. e8=Q Nxe8 48. Bxe8 a5 49. Kf3 axb4 50. axb4 1-0

[Event "Bayerische EM 2022 - Allgemeine Gruppe"]
[Site "Rosenheim"]
[Date "2022.08.22"]
[Round "2.21"]
[White "Fuchs, Florian"]
[Black "Rosenboom, Niko"]
[Result "1/2-1/2"]
[WhiteElo "1887"]
[BlackElo "1678"]
[PlyCount "98"]
[EventDate "2022.??.??"]
[WhiteTeam "DJK SF Haselbach"]
[BlackTeam "SGem Fürth"]

1. e4 c5 2. Nf3 e6 3. d4 cxd4 4. Nxd4 a6 5. c4 Nf6 6. Nc3 Qc7 7. a3 b6 8. Be3
Bb7 9. f3 Nc6 10. Be2 Nxd4 11. Bxd4 Bd6 12. Qb3 Bc5 13. Rd1 Rb8 14. Qc2 O-O 15.
b4 Bxd4 16. Rxd4 d5 17. exd5 exd5 18. Qd2 dxc4 19. Rxc4 Qe5 20. O-O Rfd8 21.
Qf4 Qxf4 22. Rxf4 Rbc8 23. Rd1 Rxd1+ 24. Nxd1 Rc2 25. Bc4 Rd2 26. Nf2 b5 27.
Bb3 Kf8 28. Ne4 Bxe4 29. fxe4 Re2 30. Kf1 Rxe4 31. Rxe4 Nxe4 32. Ke2 Ke7 33.
Ke3 Ng5 34. Bd5 Ne6 35. Bb7 Nc7 36. Kd4 Kd6 37. Ke4 g6 38. g4 h6 39. h4 f6 40.
h5 f5+ 41. gxf5 gxh5 42. Bc8 h4 43. f6 Ne6 44. Bxa6 h3 45. Kf3 Nd4+ 46. Kg3 Ke6
47. Kxh3 Kxf6 48. Kh4 Kg6 49. Bb7 Kf5 1/2-1/2

[Event "Bayerische EM 2022 - Allgemeine Gruppe"]
[Site "Rosenheim"]
[Date "2022.08.23"]
[Round "3.1"]
[White "Kolb, Tobias"]
[Black "Schulz, Lukas"]
[Result "0-1"]
[WhiteElo "2355"]
[BlackElo "2271"]
[PlyCount "66"]
[EventDate "2022.??.??"]
[WhiteTeam "SC Bamberg"]
[BlackTeam "SC Erlangen"]

1. d4 Nf6 2. c4 g6 3. Nc3 Bg7 4. e4 d6 5. Nf3 O-O 6. Be2 e5 7. d5 Nbd7 8. Be3
Ne8 9. h4 f5 10. Ng5 Ndf6 11. exf5 gxf5 12. Qc2 Qe7 13. g4 fxg4 14. O-O-O h5
15. Qg6 Bd7 16. f3 c6 17. fxg4 Nc7 18. gxh5 Be8 19. Qd3 cxd5 20. cxd5 b5 21.
Rhg1 Kh8 22. Bf3 Rc8 23. Kb1 b4 24. Nce4 Bb5 25. Qd2 Ncxd5 26. Nxf6 Nxe3 27.
Nd5 Nxd5 28. Qxd5 Bc6 29. Qd3 e4 30. Bxe4 Rf2 31. h6 Rxb2+ 32. Ka1 Rd2+ 33.
hxg7+ Qxg7+ 0-1

[Event "Bayerische EM 2022 - Allgemeine Gruppe"]
[Site "Rosenheim"]
[Date "2022.08.23"]
[Round "3.2"]
[White "Hinterreiter, Markus"]
[Black "Miller, Eduard"]
[Result "1/2-1/2"]
[WhiteElo "2119"]
[BlackElo "2353"]
[PlyCount "151"]
[EventDate "2022.??.??"]
[WhiteTeam "TSV Trostberg"]
[BlackTeam "SC Erlangen"]

1. e4 c5 2. Nf3 d6 3. Bb5+ Bd7 4. Bxd7+ Qxd7 5. c4 Nf6 6. Nc3 Nc6 7. d4 cxd4 8.
Nxd4 g6 9. f3 Bg7 10. Be3 O-O 11. O-O a6 12. b3 Rfc8 13. Qd3 Qd8 14. Rac1 Qa5
15. Rfd1 Nxd4 16. Bxd4 Rc6 17. Kh1 e6 18. h3 Qg5 19. Be3 Qh4 20. Qd2 h6 21. Qf2
Qh5 22. Bf4 Ne8 23. a4 Qa5 24. Rd3 Rac8 25. Qd2 g5 26. Be3 Bf6 27. Ne2 Qxd2 28.
Bxd2 Kg7 29. Bc3 Rc5 30. Rcd1 b5 31. axb5 axb5 32. Bb4 bxc4 33. bxc4 Rxc4 34.
Bxd6 Rc2 35. Nd4 Ra2 36. Ra3 Rb2 37. e5 Nxd6 38. Nxe6+ fxe6 39. exf6+ Kxf6 40.
Rxd6 Rc1+ 41. Kh2 Rcc2 42. Re3 Rxg2+ 43. Kh1 Kf5 44. Rexe6 h5 45. Re4 Rh2+ 46.
Kg1 Rbg2+ 47. Kf1 Rf2+ 48. Kg1 Rxf3 49. Kxh2 Kxe4 50. Kg2 Rd3 51. Re6+ Kf5 52.
Re2 Kf4 53. Rf2+ Ke4 54. Re2+ Re3 55. Ra2 Rd3 56. Re2+ Re3 57. Ra2 h4 58. Ra4+
Kf5 59. Ra5+ Kf4 60. Ra4+ Re4 61. Ra2 Rd4 62. Rb2 Rd3 63. Rb4+ Ke3 64. Rg4 Rd5
65. Kh1 Kf3 66. Kh2 Kf2 67. Rg2+ Ke3 68. Rg4 Kf3 69. Kh1 Rf5 70. Kh2 Kf2 71.
Rg2+ Kf1 72. Rg4 Rf2+ 73. Kh1 Rf3 74. Kh2 Rf5 75. Rg1+ Ke2 76. Rg4 1/2-1/2

[Event "Bayerische EM 2022 - Allgemeine Gruppe"]
[Site "Rosenheim"]
[Date "2022.08.23"]
[Round "3.3"]
[White "Vuckovic, Zarko"]
[Black "Kocak, Ediz"]
[Result "1/2-1/2"]
[WhiteElo "2286"]
[BlackElo "2080"]
[PlyCount "95"]
[EventDate "2022.??.??"]
[WhiteTeam "SF Augsburg"]
[BlackTeam "SGem Fürth"]

1. e4 c5 2. Nc3 e6 3. g3 d5 4. exd5 exd5 5. Bg2 Nf6 6. Nf3 d4 7. Ne2 Nc6 8. O-O
Be7 9. d3 O-O 10. Bg5 Re8 11. Nf4 h6 12. Bxf6 Bxf6 13. Nd2 Bg5 14. Bxc6 bxc6
15. Ng2 Bh3 16. f4 Be7 17. Qf3 Qd5 18. b3 Bd8 19. Nc4 Bc7 20. Kf2 h5 21. Rae1
Bg4 22. Qxd5 cxd5 23. Ne5 Ba5 24. Rb1 Bh3 25. Rh1 Re6 26. Nf3 Rae8 27. Ng1 Bxg2
28. Kxg2 Re1 29. Nf3 R8e2+ 30. Kh3 Rxh1 31. Rxh1 Rxc2 32. a3 f6 33. b4 cxb4 34.
axb4 Bxb4 35. Nxd4 Rd2 36. Rb1 a5 37. Nc6 Rxd3 38. Nxb4 axb4 39. Rxb4 Rd2 40.
Rb7 Kh7 41. Rd7 Kg6 42. g4 Rd3+ 43. Kh4 hxg4 44. Kxg4 f5+ 45. Kh4 Kh6 46. h3 d4
47. Rd6+ g6 48. Rxg6+ 1/2-1/2